书目信息 |
| 题名: |
西式陶瓷餐具鉴赏宝典
|
|
| 作者: | 加纳亚美子 , 玄马绘美子 著 ;胡菡 译 | |
| 分册: | ||
| 出版信息: | 北京 电子工业出版社 2025.03 |
|
| 页数: | 12,270页 | |
| 开本: | 26cm | |
| 丛书名: | ||
| 单 册: | ||
| 中图分类: | TQ174.73 | |
| 科图分类: | ||
| 主题词: | 陶瓷餐具--鉴赏 | |
| 电子资源: | ||
| ISBN: | 978-7-121-49561-8 | |
| 000 | 01823nam0 2200337 450 | |
| 001 | 01083558 | |
| 005 | 20251022204619.23 | |
| 010 | @a978-7-121-49561-8@dCNY138.00 | |
| 100 | @a20250411d2025 em y0chiy0120 ea | |
| 101 | 1 | @achi@cjpn |
| 102 | @aCN@b110000 | |
| 105 | @aa az 000yy | |
| 106 | @ar | |
| 200 | 1 | @a西式陶瓷餐具鉴赏宝典@9xi shi tao ci can ju jian shang bao dian@dWestern style ceramic tableware@f(日)加纳亚美子,(日)玄马绘美子著@g胡菡译@zeng |
| 210 | @a北京@c电子工业出版社@d2025.03 | |
| 215 | @a12,270页@c彩图@d26cm | |
| 304 | @a版权页有日文题名 | |
| 305 | @a简体中文版经由SHOEISHACo.,Ld.会同CREEK & RIVERSHANGHAI Co,Ld.授予电子工业出版社有限公司出版发行 | |
| 314 | @a加纳亚美子,专攻西洋陶瓷史研究,经常举办有关西式陶瓷器皿文化的讲座,并担任讲师。 | |
| 314 | @a玄马绘美子,日本“Carino”西式陶瓷器皿咨询服务品牌旗下讲师等,通过西式陶瓷餐具解读西方绘画与文学经典。 | |
| 314 | @a胡菡,留学、定居日本20余年,曾任职于“世界500强”企业。一直从事笔译和口译工作,曾译有《幸福一生装扮课》《幸福一生旅行课》《优雅一生熟女课》等作品。 | |
| 320 | @a有书目(第268-270页) | |
| 330 | @a本书是系统梳理现代陶瓷文化和品牌精髓、提升审美与鉴赏力的宝典型读本。瓷器作为承载历史与文明的美丽载体,每一件都是美得无以复加的存在,本书中汇集的西式瓷器的经典之作,展现了非凡的艺术美感。这是与数个世纪的手工匠人以及其所承载的时代的隔空对话,是来自东方视角的对历史和文化的解读,对经典和时代的致敬。本书从餐具和陶瓷的基础知识,到世界知名的餐具品牌的介绍,以及经典的陶瓷用具在电影、文学作品等中的呈现。 | |
| 510 | 1 | @aWestern style ceramic tableware@zeng |
| 606 | 0 | @a陶瓷餐具@x鉴赏 |
| 690 | @aTQ174.73@v5 | |
| 701 | 0 | @c(日)@a加纳亚美子@9jia na ya mei zi@4著 |
| 701 | 0 | @c(日)@a玄马绘美子@9xuan ma hui mei zi@4著 |
| 702 | 0 | @a胡菡@9hu han@4译 |
| 801 | 0 | @aCN@c20250905 |
| 905 | @a河南城建学院图书馆@dTQ174.73@eJ210@ZJ210@f1 | |
| 西式陶瓷餐具鉴赏宝典=Western style ceramic tableware/(日)加纳亚美子,(日)玄马绘美子著/胡菡译.-北京:电子工业出版社,2025.03 |
| 12,270页:彩图;26cm |
| ISBN 978-7-121-49561-8:CNY138.00 |
| 本书是系统梳理现代陶瓷文化和品牌精髓、提升审美与鉴赏力的宝典型读本。瓷器作为承载历史与文明的美丽载体,每一件都是美得无以复加的存在,本书中汇集的西式瓷器的经典之作,展现了非凡的艺术美感。这是与数个世纪的手工匠人以及其所承载的时代的隔空对话,是来自东方视角的对历史和文化的解读,对经典和时代的致敬。本书从餐具和陶瓷的基础知识,到世界知名的餐具品牌的介绍,以及经典的陶瓷用具在电影、文学作品等中的呈现。 |
| ● |
| 相关链接 |
|
|
|
正题名:西式陶瓷餐具鉴赏宝典
索取号:TQ174.73/J210
 
预约/预借
| 序号 | 登录号 | 条形码 | 馆藏地/架位号 | 状态 | 备注 |
| 1 | 1631059 | 216310597 | 自科库501/501自科库 139排9列5层/ [索取号:TQ174.73/J210] | 在馆 |